Lucas Quiz - Statistics

General Stats
  • This quiz has been taken 10 times
  • The average score is 5 of 22
Answer Stats
Question Answer % Correct
What is his favorite color? Orange
88%
How many nipples does he have? 4
63%
How tall is he? 5'6
63%
What is his hair color? Blond
63%
On a scale of 1-100, how cute is he? 100
38%
Who touches him a lot? Mason
38%
In which continent does he live in? North America
25%
What year was his oldest brother born? 1987
13%
What show does he think is better than Steven Universe? Ben 10
13%
What song did he parody for his chemistry assignment? Blue Collar Anthem
13%
What is his Jetpunk Username? Kunundrom
13%
What is his role in theater Light Tech
13%
When is his birthday? November 2nd
13%
What is his favorite Mexican culture movie? The Book of Life
13%
Who is his twin brother? Tyler
13%
Who is his bestest friend? Tyson
13%
Out of everyone in his grade, what position did he get in how early they came to school on the first day of preschool? 1st
0%
What silly slideshow series did he make? Fries Day Out
0%
Who does he hate? Masen
0%
What does he do in his dad's field for fun? Pick up rocks
0%
What job did the person who the place in which he lives was named after have? President
0%
Which twin is older? They don't know
0%
No matching quizzes found
Score Distribution
Percent of People with Each Score
Percentile by Number Answered
Your Score History
You have not taken this quiz